| 000 | 00831cam a2200253 4500 | ||
|---|---|---|---|
| 001 | ABS62400 | ||
| 008 | 000000n2000 000 0 eng u | ||
| 035 | _a(Sirsi) u106254 | ||
| 245 | _aHow to reflect price paid | ||
| 260 | _c2000 | ||
| 490 |
_aEstates Gazette _v(0019) 13 May 2000, 136(3) |
||
| 520 | _aThe first in a series of 'mainly for students' articles on practical issues of investment valuation. Discusses the dynamics of property investment and looks at factors valuers must consider. | ||
| 590 | _aABS | ||
| 650 | _aINVESTMENT VALUATION | ||
| 650 | _aINVESTMENT ISSUES | ||
| 650 |
_aValuation _96273 |
||
| 650 | _aRENTAL VALUATION | ||
| 650 | _aMARKET VALUE | ||
| 650 | _aHEADLINE RENTS | ||
| 650 | _aGEARING | ||
| 650 | _aYIELDS | ||
| 690 | _aPROPERTY-PROPERTY APPRAISAL AND VALUATION | ||
| 942 | _n0 | ||
| 999 |
_c63635 _d63635 |
||